00825nam a22002417a 4500003000900000005001700009007000300026008004100029020001800070040002500088082001600113100004200129245009700171250001200268260003900280300002000319500006500339590002700404910001400431942001400445952010700459999001700566DO-SdBNP20220609111050.0ta110301s19802014dr 000 0 spa d a9789945131765 aDO-SdBNPbspacBNPHU 4axxxxbD542s1 aDíaz Campusano, Julio953018d1941-10aSitracodal triunfa contra Nestlé y Monseñor López RodríguezcJulio Díaz Campusano  a2a. ed. aSanto Domingo :bMediaByte,c2014. a99 p. :c22 cm. aIncluye datos biográficos del autor en la contraportada.  aInventariado, 2022/ YL aYLockward 2ddccLBS1 00102ddc51708PDaBNPHUbBNPHUcCTd2017-06-19oxxxx D542sp2022-2884r2022-06-09w2022-06-09yLBS1 c51990d51990